[Event "2. Torneo Campus Ourense 2015"]
[Site "Ourense ESP"]
[Date "2015.07.06"]
[Round "1.1"]
[White "Maquieira Vidal, Alvaro"]
[Black "Santos Latasa, Jaime"]
[Result "0-1"]
[WhiteElo "1790"]
[BlackElo "2511"]
[PlyCount "66"]
[EventDate "2015.07.06"]
[EventType "swiss"]
[EventRounds "9"]
[EventCountry "ESP"]
[SourceTitle "Ajedrez en Madrid"]
[Source "lmi"]
[SourceDate "2015.07.06"]
[SourceVersion "1"]
[SourceVersionDate "2019.06.14"]
[SourceQuality "1"]

1. e4 c6 2. d4 d5 3. e5 Bf5 4. Nf3 e6 5. Be2 c5 6. Be3 cxd4 7. Bxd4 Nc6 8. O-O
Nge7 9. Re1 Bg4 10. c3 Bxf3 11. Bxf3 Nf5 12. Be3 Nxe3 13. Rxe3 Bc5 14. Re2 h5
15. Qd3 g5 16. g4 Qc7 17. Qb5 Bb6 18. Nd2 O-O-O 19. Rae1 hxg4 20. Bg2 Kb8 21.
Qd3 f5 22. exf6 Qxh2+ 23. Kf1 e5 24. Qg3 Qxg3 25. fxg3 Rhf8 26. Rd1 e4 27. Ke1
Rxf6 28. Nf1 Ne5 29. Kd2 Nf3+ 30. Kc2 Ng1 31. Ree1 Rf2+ 32. Rd2 Nf3 33. Bxf3
gxf3 0-1

[Event "2. Torneo Campus Ourense 2015"]
[Site "Ourense ESP"]
[Date "2015.07.06"]
[Round "1.2"]
[White "Del Rio De Angelis, Salvador G"]
[Black "Meira Iglesias, Alejandro"]
[Result "1-0"]
[WhiteElo "2494"]
[BlackElo "1766"]
[PlyCount "135"]
[EventDate "2015.07.06"]
[EventType "swiss"]
[EventRounds "9"]
[EventCountry "ESP"]
[SourceTitle "Ajedrez en Madrid"]
[Source "lmi"]
[SourceDate "2015.07.06"]
[SourceVersion "1"]
[SourceVersionDate "2019.06.14"]
[SourceQuality "1"]

1. d4 g6 2. c4 Bg7 3. Nc3 c5 4. d5 Bxc3+ 5. bxc3 f5 6. h4 d6 7. h5 Qa5 8. Qb3
gxh5 9. Rxh5 Nf6 10. Rh4 Nbd7 11. Nh3 Ne5 12. Nf4 b6 13. f3 Bd7 14. e3 O-O-O
15. Kf2 Ng6 16. Rh6 Nxf4 17. exf4 Qa4 18. Bd3 Qxb3 19. axb3 Kb7 20. Bd2 Rhg8
21. Re1 Rg7 22. Rh2 a5 23. Bc2 h5 24. Re2 Rdg8 25. Kf1 Kc7 26. Be1 b5 27. cxb5
Nxd5 28. Bd2 Nb4 29. cxb4 Bxb5 30. bxc5 Bxe2+ 31. Kf2 e6 32. Bxa5+ Kc6 33. Bc3
Rg3 34. Bf6 Bb5 35. Bg5 R3xg5 36. fxg5 Rxg5 37. cxd6 f4 38. Rh4 e5 39. Be4+
Kxd6 40. Rh1 Kc5 41. Re1 h4 42. Rh1 Rh5 43. Bg6 Rh6 44. Bf5 Rd6 45. Rxh4 Rd2+
46. Kg1 Kd4 47. Rh6 Ke3 48. Re6 Rd1+ 49. Kh2 Kf2 50. Rxe5 Bf1 51. Bh3 Rb1 52.
Re4 Rxb3 53. Rxf4 Bb5 54. Rd4 Rb2 55. f4 Bc6 56. f5 Ke3 57. Rd6 Be4 58. f6 Rf2
59. Kg3 Rf1 60. Re6 Kd4 61. Kh4 Bd5 62. Ra6 Ke5 63. Kg5 Bxg2 64. Bxg2 Rg1 65.
f7 Rxg2+ 66. Kh6 Rf2 67. Kg7 Rg2+ 68. Rg6 1-0

[Event "2. Torneo Campus Ourense 2015"]
[Site "Ourense ESP"]
[Date "2015.07.06"]
[Round "1.3"]
[White "Rodriguez Ferreiro, Jose Camilo"]
[Black "Kantans, Toms"]
[Result "0-1"]
[WhiteElo "1758"]
[BlackElo "2458"]
[PlyCount "66"]
[EventDate "2015.07.06"]
[EventType "swiss"]
[EventRounds "9"]
[EventCountry "ESP"]
[SourceTitle "Ajedrez en Madrid"]
[Source "lmi"]
[SourceDate "2015.07.06"]
[SourceVersion "1"]
[SourceVersionDate "2019.06.14"]
[SourceQuality "1"]

1. Nf3 Nf6 2. d4 g6 3. c4 Bg7 4. Nc3 d5 5. e3 O-O 6. cxd5 Nxd5 7. Be2 c5 8. O-O
Nc6 9. Na4 cxd4 10. exd4 b6 11. Nc3 Bb7 12. Nxd5 Qxd5 13. Be3 Rfd8 14. Qb3 Qxb3
15. axb3 Nxd4 16. Nxd4 Bxd4 17. Rfd1 Bxe3 18. Rxd8+ Rxd8 19. fxe3 Rd2 20. Rxa7
Bxg2 21. Bc4 e6 22. Ra6 Be4 23. h4 Rd6 24. Kf2 Kg7 25. b4 f6 26. b3 g5 27. Kg3
f5 28. h5 Kf6 29. Ra2 Ke5 30. Rf2 Rd1 31. Ra2 Rg1+ 32. Kh2 Rh1+ 33. Kg3 f4+ 0-1

[Event "2. Torneo Campus Ourense 2015"]
[Site "Ourense ESP"]
[Date "2015.07.06"]
[Round "1.4"]
[White "Hoffman, Alejandro"]
[Black "Paiva, Henrique M A Alberg"]
[Result "1-0"]
[WhiteElo "2456"]
[BlackElo "1749"]
[PlyCount "71"]
[EventDate "2015.07.06"]
[EventType "swiss"]
[EventRounds "9"]
[EventCountry "ESP"]
[SourceTitle "Ajedrez en Madrid"]
[Source "lmi"]
[SourceDate "2015.07.06"]
[SourceVersion "1"]
[SourceVersionDate "2019.06.14"]
[SourceQuality "1"]

1. d4 d5 2. c4 c6 3. Nf3 Nf6 4. Qc2 e6 5. g3 Nbd7 6. Bg2 Be7 7. O-O O-O 8. Rd1
Qc7 9. Bf4 Bd6 10. Bxd6 Qxd6 11. Nc3 Re8 12. e4 dxe4 13. Nxe4 Qe7 14. c5 Nxe4
15. Qxe4 Nf6 16. Qc2 Nd5 17. Ne5 Qc7 18. h4 Bd7 19. Be4 f5 20. Bf3 Rf8 21. Kg2
Rf6 22. Re1 Be8 23. a3 Qd8 24. Qb3 Rb8 25. Re2 f4 26. Rae1 h5 27. Be4 Ne7 28.
Qc4 Bg6 29. Nxg6 Nxg6 30. Bf3 fxg3 31. fxg3 Nf8 32. Bxh5 Qc7 33. Bg4 Rg6 34.
Re4 Re8 35. R1e3 Qa5 36. Bh5 1-0

[Event "2. Torneo Campus Ourense 2015"]
[Site "Ourense ESP"]
[Date "2015.07.06"]
[Round "1.5"]
[White "Dias, Jose Oliveira Gaspa"]
[Black "Lariño Nieto, David"]
[Result "0-1"]
[WhiteElo "1732"]
[BlackElo "2451"]
[PlyCount "68"]
[EventDate "2015.07.06"]
[EventType "swiss"]
[EventRounds "9"]
[EventCountry "ESP"]
[SourceTitle "Ajedrez en Madrid"]
[Source "lmi"]
[SourceDate "2015.07.06"]
[SourceVersion "1"]
[SourceVersionDate "2019.06.14"]
[SourceQuality "1"]

1. b4 a5 2. b5 d5 3. Bb2 c5 4. a4 Nd7 5. Nf3 Ngf6 6. e3 Qc7 7. c4 e5 8. cxd5 e4
9. Ng5 h6 10. Nh3 Nxd5 11. Bc4 N7b6 12. Na3 Be6 13. Rc1 Bd6 14. f4 Nb4 15. Be2
O-O-O 16. Nf2 f5 17. O-O Qf7 18. Be5 Bb3 19. Qe1 c4 20. Bd1 Kb8 21. Ra1 Bxe5
22. fxe5 Qd5 23. Nb1 Bxd1 24. Qxd1 Qxe5 25. Nc3 Rd6 26. g4 Rhd8 27. gxf5 Rxd2
28. Qc1 Rc2 29. Qb1 Qxc3 30. Nxe4 Qxe3+ 31. Nf2 Rdd2 32. Qe1 Re2 33. Qd1 Nd3
34. Ra3 Rxf2 0-1

[Event "2. Torneo Campus Ourense 2015"]
[Site "Ourense ESP"]
[Date "2015.07.06"]
[Round "1.6"]
[White "Paunovic, Dragan"]
[Black "Vazquez Gomez, David"]
[Result "1-0"]
[WhiteElo "2451"]
[BlackElo "1717"]
[PlyCount "81"]
[EventDate "2015.07.06"]
[EventType "swiss"]
[EventRounds "9"]
[EventCountry "ESP"]
[SourceTitle "Ajedrez en Madrid"]
[Source "lmi"]
[SourceDate "2015.07.06"]
[SourceVersion "1"]
[SourceVersionDate "2019.06.14"]
[SourceQuality "1"]

1. Nf3 Nf6 2. c4 c5 3. g3 b6 4. Bg2 Bb7 5. O-O e6 6. Nc3 Be7 7. Re1 O-O 8. e4
d6 9. d4 cxd4 10. Nxd4 a6 11. e5 dxe5 12. Bxb7 Ra7 13. Nc6 Qxd1 14. Nxe7+ Kh8
15. Rxd1 Rxb7 16. b3 b5 17. Be3 bxc4 18. Bc5 Re8 19. bxc4 Rc7 20. Bd6 Rxc4 21.
Rac1 Nbd7 22. Ne2 Rxc1 23. Rxc1 Nd5 24. Nc6 f6 25. Nb4 N7b6 26. Nxa6 Ra8 27.
Nb4 Kg8 28. a3 Nxb4 29. axb4 Nd5 30. Nc3 Rd8 31. Nxd5 Rxd6 32. Ne3 Rb6 33. Rb1
Kf7 34. b5 Ke7 35. Nc4 Rb7 36. b6 Kd7 37. Rd1+ Ke7 38. Ra1 Ke8 39. Ra7 Rb8 40.
Rxg7 Rc8 41. Rxh7 1-0

[Event "2. Torneo Campus Ourense 2015"]
[Site "Ourense ESP"]
[Date "2015.07.06"]
[Round "1.7"]
[White "Perez Dapoza, Cesar"]
[Black "Almagro Llamas, Pablo"]
[Result "0-1"]
[WhiteElo "1712"]
[BlackElo "2445"]
[PlyCount "44"]
[EventDate "2015.07.06"]
[EventType "swiss"]
[EventRounds "9"]
[EventCountry "ESP"]
[SourceTitle "Ajedrez en Madrid"]
[Source "lmi"]
[SourceDate "2015.07.06"]
[SourceVersion "1"]
[SourceVersionDate "2019.06.14"]
[SourceQuality "1"]

1. d4 Nf6 2. c4 e6 3. Nf3 b6 4. Nc3 Bb4 5. Bg5 Bb7 6. e3 h6 7. Bxf6 Bxc3+ 8.
bxc3 Qxf6 9. Bd3 d6 10. Qe2 e5 11. e4 Nc6 12. d5 Ne7 13. Rb1 Bc8 14. Qe3 O-O
15. Rg1 Ng6 16. g4 Qf4 17. h3 Bd7 18. Bf1 Rac8 19. Rd1 c6 20. Bd3 cxd5 21. exd5
e4 22. Qxe4 Rfe8 0-1

[Event "2. Torneo Campus Ourense 2015"]
[Site "Ourense ESP"]
[Date "2015.07.06"]
[Round "1.8"]
[White "Fernandez Borrego, Pablo"]
[Black "Martinez Rodriguez, Eugenio"]
[Result "1-0"]
[WhiteElo "2378"]
[BlackElo "1683"]
[PlyCount "79"]
[EventDate "2015.07.06"]
[EventType "swiss"]
[EventRounds "9"]
[EventCountry "ESP"]
[SourceTitle "Ajedrez en Madrid"]
[Source "lmi"]
[SourceDate "2015.07.06"]
[SourceVersion "1"]
[SourceVersionDate "2019.06.14"]
[SourceQuality "1"]

1. Nf3 Nf6 2. c4 e6 3. g3 b6 4. Bg2 Bb7 5. O-O Be7 6. d4 O-O 7. Nc3 d5 8. Ne5
c5 9. cxd5 exd5 10. Bf4 Nbd7 11. Rc1 Re8 12. Qa4 cxd4 13. Nb5 Nc5 14. Qxd4 a6
15. Nc3 Ne6 16. Qd2 Nxf4 17. gxf4 Bd6 18. Qd4 Bc5 19. Qa4 Bd6 20. Nd3 Ne4 21.
e3 Re6 22. Rfd1 Qh4 23. Nxe4 dxe4 24. Qd7 Qe7 25. Qxe7 Rxe7 26. Ne1 Bc5 27. Nc2
a5 28. Nd4 g6 29. Nb3 Rc7 30. Nxc5 bxc5 31. Bf1 Kf8 32. Rd6 Ke7 33. Rcd1 c4 34.
Bxc4 Rxc4 35. Rd7+ Ke6 36. R1d6+ Kf5 37. Rxf7+ Kg4 38. Kg2 h5 39. Rxg6+ Kh4 40.
Rxb7 1-0

[Event "2. Torneo Campus Ourense 2015"]
[Site "Ourense ESP"]
[Date "2015.07.06"]
[Round "1.9"]
[White "Feijoo Perez, David"]
[Black "Pazos Porta, Antonio"]
[Result "0-1"]
[WhiteElo "1667"]
[BlackElo "2332"]
[PlyCount "52"]
[EventDate "2015.07.06"]
[EventType "swiss"]
[EventRounds "9"]
[EventCountry "ESP"]
[SourceTitle "Ajedrez en Madrid"]
[Source "lmi"]
[SourceDate "2015.07.06"]
[SourceVersion "1"]
[SourceVersionDate "2019.06.14"]
[SourceQuality "1"]

1. e4 c5 2. Nf3 e6 3. Nc3 a6 4. d4 cxd4 5. Nxd4 Qc7 6. Be2 Nf6 7. O-O Nc6 8.
Nxc6 bxc6 9. Be3 Rb8 10. Rb1 d5 11. exd5 cxd5 12. Re1 Bd6 13. h3 O-O 14. Bg5
Be5 15. Qd3 Bb7 16. Bf1 Rfc8 17. Nd1 Ne4 18. Bc1 Qxc2 19. Qxc2 Rxc2 20. f3 Bg3
21. Ne3 Rc7 22. Re2 Nd6 23. Bd2 d4 24. Ng4 Bd5 25. Ba5 Rc5 26. b4 Rxa5 0-1

[Event "2. Torneo Campus Ourense 2015"]
[Site "Ourense ESP"]
[Date "2015.07.06"]
[Round "1.10"]
[White "Guerra Bastida, Diego"]
[Black "Paz Vizcaya, Manuel"]
[Result "1-0"]
[WhiteElo "2319"]
[BlackElo "1628"]
[PlyCount "113"]
[EventDate "2015.07.06"]
[EventType "swiss"]
[EventRounds "9"]
[EventCountry "ESP"]
[SourceTitle "Ajedrez en Madrid"]
[Source "lmi"]
[SourceDate "2015.07.06"]
[SourceVersion "1"]
[SourceVersionDate "2019.06.14"]
[SourceQuality "1"]

1. Nf3 Nf6 2. c4 c6 3. b3 d5 4. Bb2 e6 5. e3 Be7 6. Qc2 Na6 7. a3 Nc5 8. b4
Ncd7 9. Nc3 a5 10. b5 c5 11. d3 O-O 12. Be2 b6 13. O-O Bb7 14. cxd5 exd5 15. d4
Rc8 16. Bd3 h6 17. Bf5 Rc7 18. Rfd1 Re8 19. Rac1 Nf8 20. Na4 N6d7 21. dxc5 Bxc5
22. Qb3 Qe7 23. Nxc5 Nxc5 24. Qc3 Nce6 25. Qe5 Rxc1 26. Rxc1 f6 27. Qg3 Nc5 28.
Bd4 Bc8 29. Nh4 Be6 30. h3 Qd7 31. Bxe6+ Qxe6 32. Bxc5 bxc5 33. Rxc5 Qe4 34.
Rc7 g5 35. Nf3 Qb1+ 36. Kh2 Qxb5 37. Nd4 Qd3 38. Qd6 Qg6 39. Qxd5+ Kh8 40. Qxa5
g4 41. hxg4 Qxg4 42. Qf5 Qh4+ 43. Qh3 Qg5 44. Rb7 Re4 45. Nf3 Qg6 46. Rb8 Kg7
47. Qc8 Qf7 48. Rb7 Re7 49. Qg4+ Kh8 50. Rxe7 Qxe7 51. a4 Kh7 52. Qf5+ Kg7 53.
a5 Qc7+ 54. g3 Ng6 55. Nd4 Qd6 56. Qe6 Qc5 57. Nf5+ 1-0

[Event "2. Torneo Campus Ourense 2015"]
[Site "Ourense ESP"]
[Date "2015.07.07"]
[Round "2.1"]
[White "Santos Latasa, Jaime"]
[Black "Boado Rodriguez, Martin"]
[Result "1-0"]
[WhiteElo "2511"]
[BlackElo "2153"]
[PlyCount "125"]
[EventDate "2015.07.06"]
[EventType "swiss"]
[EventRounds "9"]
[EventCountry "ESP"]
[SourceTitle "Ajedrez en Madrid"]
[Source "lmi"]
[SourceDate "2015.07.06"]
[SourceVersion "1"]
[SourceVersionDate "2019.06.14"]
[SourceQuality "1"]

1. Nf3 Nf6 2. c4 b6 3. g3 Bb7 4. Bg2 g6 5. O-O Bg7 6. d4 O-O 7. Nc3 Ne4 8. Nd5
e6 9. Nf4 Nc6 10. Be3 Nd6 11. Qc1 Na5 12. Nd2 Bxg2 13. Nxg2 Nf5 14. Nf3 d5 15.
cxd5 Qxd5 16. Rd1 Rac8 17. Qc2 Qb5 18. a4 Qc4 19. Rac1 Qxc2 20. Rxc2 Nxe3 21.
Nxe3 Rfd8 22. b4 Nb3 23. Rc4 c5 24. dxc5 Rxd1+ 25. Nxd1 bxc5 26. Ne3 Rc6 27. b5
Rc7 28. Rc2 Rd7 29. Kg2 Kf8 30. Kf1 h5 31. Ke1 Ke7 32. Nc4 Rc7 33. e3 Rd7 34.
Ke2 Kd8 35. Nfd2 Nxd2 36. Nxd2 Bf8 37. Nc4 Kc7 38. Ne5 Rd5 39. f4 f6 40. Nxg6
Bd6 41. Nh4 Kb6 42. Nf3 Be7 43. Nd2 Ka5 44. Rc4 a6 45. bxa6 Kxa6 46. Re4 Rd6
47. Nc4 Rc6 48. f5 e5 49. Rh4 Rc7 50. Kf3 Rb7 51. Ke4 Rb4 52. Kd5 Rxa4 53. Rxh5
Ra1 54. Rh7 Kb5 55. Rxe7 Rd1+ 56. Ke6 Kxc4 57. Kxf6 Rh1 58. g4 Kd3 59. Kg7 Rxh2
60. f6 Rg2 61. f7 Rxg4+ 62. Kh6 Rh4+ 63. Kg5 1-0

[Event "2. Torneo Campus Ourense 2015"]
[Site "Ourense ESP"]
[Date "2015.07.07"]
[Round "2.2"]
[White "Costa, Paulo"]
[Black "Del Rio De Angelis, Salvador G"]
[Result "0-1"]
[WhiteElo "2107"]
[BlackElo "2494"]
[PlyCount "132"]
[EventDate "2015.07.06"]
[EventType "swiss"]
[EventRounds "9"]
[EventCountry "ESP"]
[SourceTitle "Ajedrez en Madrid"]
[Source "lmi"]
[SourceDate "2015.07.06"]
[SourceVersion "1"]
[SourceVersionDate "2019.06.14"]
[SourceQuality "1"]

1. Nf3 d5 2. d4 Nf6 3. c4 e6 4. Nc3 dxc4 5. e3 a6 6. a4 c5 7. Bxc4 Nc6 8. O-O
Be7 9. dxc5 Qxd1 10. Rxd1 Bxc5 11. Bd2 Bd7 12. Rac1 Ke7 13. Na2 Bd6 14. Be1
Rhc8 15. Bb3 Ng4 16. h3 Nge5 17. Ng5 Bc7 18. Ne4 Ba5 19. Nd6 Rcb8 20. Nc3 Bb4
21. Nc4 Nxc4 22. Bxc4 Ke8 23. Bb3 Rd8 24. Bc2 h6 25. Kf1 f5 26. f4 Rac8 27. e4
g6 28. exf5 gxf5 29. Bh4 Be7 30. Bf2 Nb4 31. Bb3 Rc6 32. a5 Rd6 33. Bb6 Rc8 34.
Ke2 h5 35. g3 Kf7 36. Rxd6 Bxd6 37. Rd1 Ke7 38. h4 Nc6 39. Kf2 Bb4 40. Re1 Bxa5
41. Bc5+ Kf6 42. Bd1 Be8 43. Bb3 Bf7 44. Be3 Rd8 45. Rd1 Rxd1 46. Bxd1 Ke7 47.
Na4 Nb4 48. Be2 Nd5 49. Bd4 Be8 50. Nc3 Nf6 51. Bf3 Ng4+ 52. Ke2 Bc6 53. Bxc6
bxc6 54. Na4 Kd6 55. Nc5 Kd5 56. Nb3 Bb4 57. Bg1 Nf6 58. Nd4 Ne4 59. Nc2 Bc5
60. Bxc5 Kxc5 61. Kf3 a5 62. Ne3 Nf6 63. Nc2 Kc4 64. Ke3 c5 65. Ne1 Kb3 66. Nd3
Nd7 0-1

[Event "2. Torneo Campus Ourense 2015"]
[Site "Ourense ESP"]
[Date "2015.07.07"]
[Round "2.3"]
[White "Kantans, Toms"]
[Black "Rey Malde, Henrique"]
[Result "0-1"]
[WhiteElo "2458"]
[BlackElo "2055"]
[PlyCount "82"]
[EventDate "2015.07.06"]
[EventType "swiss"]
[EventRounds "9"]
[EventCountry "ESP"]
[SourceTitle "Ajedrez en Madrid"]
[Source "lmi"]
[SourceDate "2015.07.06"]
[SourceVersion "1"]
[SourceVersionDate "2019.06.14"]
[SourceQuality "1"]

1. c4 c5 2. Nf3 Nc6 3. Nc3 e5 4. g3 g6 5. Bg2 Bg7 6. a3 a5 7. O-O d6 8. Rb1
Nge7 9. d3 O-O 10. Ne1 Be6 11. Nd5 Rb8 12. Nxe7+ Nxe7 13. b4 axb4 14. axb4 b6
15. Nc2 d5 16. cxd5 Bxd5 17. e4 Be6 18. Be3 Qc7 19. Qd2 Rbd8 20. Qc3 Nc6 21.
Rfc1 Nd4 22. Bxd4 exd4 23. Qd2 c4 24. dxc4 Qxc4 25. Ne1 Qb5 26. Bf1 Qe5 27. Bd3
Rc8 28. f4 Qh5 29. Be2 Bg4 30. Bc4 Rfd8 31. Nd3 Bf3 32. Nf2 h6 33. h3 d3 34.
Bd5 Rxc1+ 35. Rxc1 Bd4 36. Qxd3 Rxd5 37. exd5 Qxd5 38. Qf1 Qb3 39. Qe1 Bb7 40.
Rc7 Qxg3+ 41. Kf1 Ba6+ 0-1

[Event "2. Torneo Campus Ourense 2015"]
[Site "Ourense ESP"]
[Date "2015.07.07"]
[Round "2.4"]
[White "Gomez Dominguez, Xabier"]
[Black "Hoffman, Alejandro"]
[Result "0-1"]
[WhiteElo "2102"]
[BlackElo "2456"]
[PlyCount "102"]
[EventDate "2015.07.06"]
[EventType "swiss"]
[EventRounds "9"]
[EventCountry "ESP"]
[SourceTitle "Ajedrez en Madrid"]
[Source "lmi"]
[SourceDate "2015.07.06"]
[SourceVersion "1"]
[SourceVersionDate "2019.06.14"]
[SourceQuality "1"]

1. e4 c5 2. Nc3 Nc6 3. g3 g6 4. Bg2 Bg7 5. d3 d6 6. f4 e6 7. Nf3 Nge7 8. Be3
Nd4 9. O-O O-O 10. e5 Bd7 11. Ne4 Nef5 12. Bf2 Bc6 13. Nxd4 cxd4 14. g4 Bxe4
15. dxe4 Ne3 16. Bxe3 dxe3 17. Qxd6 Qxd6 18. exd6 Bxb2 19. Rab1 Bc3 20. Bf3
Rac8 21. Be2 Rfd8 22. e5 g5 23. Rxb7 gxf4 24. d7 Rc5 25. Rxf4 Bxe5 26. Rc4 Rd5
27. Rxa7 R8xd7 28. Rxd7 Rxd7 29. Kg2 Bxh2 30. Kf3 Bg1 31. a4 Rd5 32. Rc8+ Kg7
33. Rb8 h5 34. gxh5 Rxh5 35. Rb5 f5 36. Rb1 Rh3+ 37. Kg2 Rh2+ 38. Kf1 Bf2 39.
Bf3 Bg3 40. Bg2 e2+ 41. Kxe2 Rxg2+ 42. Kf3 Rxc2 43. Kxg3 Ra2 44. Rb4 Ra3+ 45.
Kf2 Kf6 46. Ke2 e5 47. Kf2 f4 48. Ke2 Kf5 49. Kf2 Ra2+ 50. Kf1 e4 51. Ke1 f3
0-1

[Event "2. Torneo Campus Ourense 2015"]
[Site "Ourense ESP"]
[Date "2015.07.07"]
[Round "2.5"]
[White "Lariño Nieto, David"]
[Black "Rodriguez Dominguez, Miguel I"]
[Result "1-0"]
[WhiteElo "2451"]
[BlackElo "2002"]
[PlyCount "81"]
[EventDate "2015.07.06"]
[EventType "swiss"]
[EventRounds "9"]
[EventCountry "ESP"]
[SourceTitle "Ajedrez en Madrid"]
[Source "lmi"]
[SourceDate "2015.07.06"]
[SourceVersion "1"]
[SourceVersionDate "2019.06.14"]
[SourceQuality "1"]

1. Nf3 f5 2. d3 Nf6 3. e4 d6 4. e5 dxe5 5. Nxe5 Nbd7 6. Bf4 Nxe5 7. Bxe5 e6 8.
Nd2 Bd6 9. d4 O-O 10. Bc4 c5 11. Qe2 cxd4 12. O-O-O Bxe5 13. Qxe5 Kh8 14. Nf3
Ng4 15. Qe1 b5 16. Bb3 Qb6 17. Rxd4 e5 18. Qb4 Bb7 19. Rd6 Qxf2 20. Rd2 Qe3 21.
Re1 Qh6 22. Nxe5 Nxe5 23. Rxe5 Rad8 24. Bd5 Qxh2 25. Qe7 Bxd5 26. Rexd5 Rde8
27. Qc5 Re1+ 28. Rd1 Qf4+ 29. Kb1 Rxd1+ 30. Rxd1 Qb8 31. b4 a6 32. Rd7 Qe8 33.
Re7 Qg6 34. Qd5 Qf6 35. Re6 Qf7 36. Qe5 h5 37. a3 Rd8 38. Rxa6 Qb7 39. Rh6+ Kg8
40. Qe6+ Qf7 41. Rh8+ 1-0

[Event "2. Torneo Campus Ourense 2015"]
[Site "Ourense ESP"]
[Date "2015.07.07"]
[Round "2.6"]
[White "Fernandez Lopez, Alejandro I"]
[Black "Paunovic, Dragan"]
[Result "0-1"]
[WhiteElo "2007"]
[BlackElo "2451"]
[PlyCount "58"]
[EventDate "2015.07.06"]
[EventType "swiss"]
[EventRounds "9"]
[EventCountry "ESP"]
[SourceTitle "Ajedrez en Madrid"]
[Source "lmi"]
[SourceDate "2015.07.06"]
[SourceVersion "1"]
[SourceVersionDate "2019.06.14"]
[SourceQuality "1"]

1. e4 c5 2. Nf3 e6 3. d3 Nc6 4. g3 g6 5. Bg2 Bg7 6. O-O Nge7 7. c3 d5 8. exd5
exd5 9. d4 cxd4 10. Nxd4 Nxd4 11. cxd4 O-O 12. Nc3 Be6 13. Be3 Qd7 14. Re1 Nf5
15. Qd2 Rfe8 16. Rac1 h5 17. Ne2 Nxe3 18. fxe3 Rac8 19. Nf4 b6 20. Rxc8 Rxc8
21. Rc1 Rxc1+ 22. Qxc1 Bh6 23. Qc2 h4 24. b3 Bxf4 25. exf4 h3 26. Bf1 Qe7 27.
Bd3 Qb4 28. Kf2 Qxd4+ 29. Kf1 Kg7 0-1

[Event "2. Torneo Campus Ourense 2015"]
[Site "Ourense ESP"]
[Date "2015.07.07"]
[Round "2.7"]
[White "Almagro Llamas, Pablo"]
[Black "Dominguez Fernandez, Angel I"]
[Result "1-0"]
[WhiteElo "2445"]
[BlackElo "1988"]
[PlyCount "66"]
[EventDate "2015.07.06"]
[EventType "swiss"]
[EventRounds "9"]
[EventCountry "ESP"]
[SourceTitle "Ajedrez en Madrid"]
[Source "lmi"]
[SourceDate "2015.07.06"]
[SourceVersion "1"]
[SourceVersionDate "2019.06.14"]
[SourceQuality "1"]

1. d4 Nf6 2. Nf3 g6 3. c4 Bg7 4. Nc3 d5 5. Qb3 dxc4 6. Qxc4 O-O 7. e4 Be6 8. d5
Bd7 9. e5 Ne8 10. h4 c6 11. h5 cxd5 12. Qh4 g5 13. Bxg5 f6 14. exf6 exf6 15.
Be3 Nd6 16. h6 Nf5 17. hxg7 Nxh4 18. gxf8=Q+ Qxf8 19. Rxh4 Nc6 20. Bd3 f5 21.
Nxd5 Rc8 22. Kf1 Be6 23. Nf4 Qd6 24. Rh6 Re8 25. Kg1 Qb4 26. Nxe6 Qxb2 27. Rb1
Qxa2 28. Bxf5 Re7 29. Rf6 Re8 30. Bxh7+ Kxh7 31. Nfg5+ Kg8 32. Rg6+ Kh8 33.
Nf7+ Kh7 1-0

[Event "2. Torneo Campus Ourense 2015"]
[Site "Ourense ESP"]
[Date "2015.07.07"]
[Round "2.8"]
[White "Doval Gonzalez, Jose"]
[Black "Fernandez Borrego, Pablo"]
[Result "0-1"]
[WhiteElo "2001"]
[BlackElo "2378"]
[PlyCount "94"]
[EventDate "2015.07.06"]
[EventType "swiss"]
[EventRounds "9"]
[EventCountry "ESP"]
[SourceTitle "Ajedrez en Madrid"]
[Source "lmi"]
[SourceDate "2015.07.06"]
[SourceVersion "1"]
[SourceVersionDate "2019.06.14"]
[SourceQuality "1"]

1. e4 c5 2. Nf3 Nc6 3. Nc3 g6 4. d4 cxd4 5. Nxd4 Bg7 6. Be3 Nf6 7. f3 O-O 8.
Bc4 Qb6 9. Bb3 Nxe4 10. Nd5 Qa5+ 11. c3 Nc5 12. Nxc6 dxc6 13. Nxe7+ Kh8 14.
Nxc8 Raxc8 15. O-O Rcd8 16. Qc2 Rfe8 17. Bxc5 Qxc5+ 18. Qf2 Bf8 19. Bxf7 Qf5
20. Bxg6 hxg6 21. Qh4+ Qh5 22. Qxh5+ gxh5 23. Rfe1 Rxe1+ 24. Rxe1 Rd2 25. Re5
h4 26. Rh5+ Kg7 27. Rxh4 Bc5+ 28. Kf1 Rf2+ 29. Ke1 Rxg2 30. Rh5 Bd6 31. Ra5 a6
32. b4 Rxh2 33. Kd1 Kf6 34. Kc1 Bc7 35. Ra4 Ke5 36. c4 Rh4 37. c5 Rh2 38. Ra3
Kd4 39. b5 cxb5 40. c6 bxc6 41. Rxa6 c5 42. a3 Bf4+ 43. Kd1 c4 44. Rf6 Kd3 45.
Ke1 Be3 46. Kf1 Rf2+ 47. Ke1 Rg2 0-1

[Event "2. Torneo Campus Ourense 2015"]
[Site "Ourense ESP"]
[Date "2015.07.07"]
[Round "2.9"]
[White "Pazos Porta, Antonio"]
[Black "Cross, Dominic"]
[Result "1/2-1/2"]
[WhiteElo "2332"]
[BlackElo "1937"]
[PlyCount "122"]
[EventDate "2015.07.06"]
[EventType "swiss"]
[EventRounds "9"]
[EventCountry "ESP"]
[SourceTitle "Ajedrez en Madrid"]
[Source "lmi"]
[SourceDate "2015.07.06"]
[SourceVersion "1"]
[SourceVersionDate "2019.06.14"]
[SourceQuality "1"]

1. d4 e6 2. e4 d5 3. Nc3 Bb4 4. e5 c5 5. Bd2 Ne7 6. Nb5 Bxd2+ 7. Qxd2 O-O 8. f4
Qb6 9. dxc5 Qxc5 10. Nf3 Bd7 11. Nbd4 Nbc6 12. Nb3 Qb6 13. Bd3 Nb4 14. Be2 Rac8
15. c3 Na6 16. Nfd4 Nc5 17. Nxc5 Qxc5 18. Bd3 g6 19. Qf2 b5 20. O-O b4 21. Rfc1
Qb6 22. cxb4 Qxb4 23. a3 Qb6 24. b4 Ba4 25. Nf3 Nf5 26. Bxf5 gxf5 27. Qxb6 axb6
28. Kf2 Rc4 29. Rxc4 dxc4 30. Rc1 b5 31. Nd4 Rd8 32. Ke3 Rd5 33. h3 f6 34. exf6
Kf7 35. g4 Kxf6 36. Rg1 Kf7 37. gxf5 exf5 38. Rg5 Kf6 39. Rg8 Kf7 40. Rc8 Rd7
41. Nxf5 Rd3+ 42. Ke4 Rxh3 43. Rc7+ Kg6 44. Ke5 Kh5 45. Rxh7+ Kg4 46. Rg7+ Kf3
47. Nd4+ Ke3 48. f5 c3 49. f6 c2 50. Rg1 Kd2 51. f7 Rh8 52. Nxc2 Rf8 53. Rg2+
Kc3 54. Ne3 Rxf7 55. Nd5+ Kb3 56. Rg3+ Kb2 57. Kd4 Bb3 58. Rg1 Rd7 59. Rg5 Kxa3
60. Kc5 Rxd5+ 61. Rxd5 Bxd5 1/2-1/2